Logical design of digital computers /
Guardado en:
| Autor Principal: | |
|---|---|
| Formato: | Libro |
| Idioma: | English |
| Publicado: |
New York :
Wiley,
c1958.
|
| Series: | Digital design and applications
|
| Etiquetas: |
Agregar Etiqueta
Sin Etiquetas, Sea el primero en etiquetar este registro!
|
| LEADER | 00600nam a22001815a 4500 | ||
|---|---|---|---|
| 001 | MAT.inmabb000442 | ||
| 008 | 031211s1958####nyu###########001#0#eng#d | ||
| 005 | 20110301155701.0 | ||
| 245 | 1 | 0 | |a Logical design of digital computers / |c by Montgomery Phister, Jr. |
| 260 | |a New York : |b Wiley, |c c1958. | ||
| 300 | |a xvi, 408 p. ; |c cm. | ||
| 440 | 0 | |a Digital design and applications | |
| 510 | 4 | |a MR, |c 20 #450 | |
| 100 | 1 | |a Phister, Montgomery. | |
| 084 | |a 68 |2 msc2000 | ||
| 859 | |h 68 |i P573 |p A-110 |b BIB. MATEMATICA | ||
| 859 | |h 68 |i P573 |p A-188 |t Ej. 2 |b BIB. MATEMATICA | ||
| 859 | |h 68 |i P573 |p A-208 |t Ej. 3 |b BIB. MATEMATICA | ||
